[Event "AUTO-INT-728"]
[Site "http://www.queenalice.com/game.php?id=324810"]
[Date "2007.12.23"]
[Round "1"]
[White "maddevil"]
[Black "OranjePion"]
[Result "1-0"]
[WhiteElo "1652"]
[BlackElo "1348"]

1. e4 e5 2. Bc4 Nf6 3. Nf3 Nc6 4. Ng5 d5 5. exd5 Nxd5 6. d3 f6 7. Ne4 Be6 8. a3
Nd4 9. Bd2 Be7 10. Bc3 Nxc3 11. Nbxc3 Bxc4 12. dxc4 Qd7 13. O-O 1-0

[Event "AUTO-INT-728"]
[Site "http://www.queenalice.com/game.php?id=324811"]
[Date "2007.12.23"]
[Round "1"]
[White "OranjePion"]
[Black "maddevil"]
[Result "0-1"]
[WhiteElo "1342"]
[BlackElo "1656"]

1. e4 d5 2. e5 Bf5 3. d4 Nc6 4. Bb5 e6 5. Bxc6+ bxc6 6. Nf3 h6 7. O-O Ne7 8. Re1
Ng6 9. h3 Be7 10. a3 O-O 11. c3 Qb8 12. b4 Qb5 13. Qe2 Bd3 0-1

[Event "AUTO-INT-728"]
[Site "http://www.queenalice.com/game.php?id=324822"]
[Date "2007.12.23"]
[Round "1"]
[White "inguitar"]
[Black "OranjePion"]
[Result "1-0"]
[WhiteElo "1675"]
[BlackElo "1449"]

1. e4 e5 2. Nf3 Nc6 3. Bc4 Nf6 4. O-O d5 5. exd5 Nxd5 6. Re1 f6 7. d4 Bg4 8.
Nbd2 Nxd4 9. h3 Bxf3 10. Nxf3 Nb4 11. Nxd4 Qxd4 12. Qxd4 Bd6 13. Qe4 c6 14. f4
O-O-O 15. fxe5 Bxe5 16. Be6+ 1-0

[Event "AUTO-INT-728"]
[Site "http://www.queenalice.com/game.php?id=324823"]
[Date "2007.12.23"]
[Round "1"]
[White "OranjePion"]
[Black "inguitar"]
[Result "1/2-1/2"]
[WhiteElo "1464"]
[BlackElo "1691"]

1. e4 e5 2. Nf3 Nc6 3. d4 exd4 4. Nxd4 Nxd4 5. Qxd4 d6 6. Nc3 Nf6 7. Bg5 Be7 8.
Bxf6 Bxf6 9. Qd3 O-O 10. Be2 Re8 11. O-O Bxc3 12. bxc3 b6 13. Bf3 Bb7 14. Rfe1
Qe7 15. Re2 Qe6 16. c4 Qe5 17. Rb1 Re6 18. g3 Rae8 19. Rb5 Qa1+ 20. Kg2 Qxa2 21.
Qb3 Qxb3 22. cxb3 Bxe4 23. Bxe4 Rxe4 24. Rxe4 Rxe4 25. Rb4 1/2-1/2

[Event "AUTO-INT-728"]
[Site "http://www.queenalice.com/game.php?id=324830"]
[Date "2007.12.23"]
[Round "1"]
[White "OranjePion"]
[Black "Blackdeath"]
[Result "0-1"]
[WhiteElo "1336"]
[BlackElo "1723"]

1. e4 e5 2. Nf3 Bd6 3. d4 f6 4. d5 a6 5. Be2 c6 6. O-O cxd5 7. Qxd5 Qc7 8. Bc4
Ne7 9. Rd1 Nxd5 10. b3 Ne7 11. Nc3 Nbc6 12. Nd5 Nxd5 13. Bxd5 h6 0-1

[Event "AUTO-INT-728"]
[Site "http://www.queenalice.com/game.php?id=324831"]
[Date "2007.12.23"]
[Round "1"]
[White "Blackdeath"]
[Black "OranjePion"]
[Result "1-0"]
[WhiteElo "1721"]
[BlackElo "1337"]

1. d4 d5 2. Bf4 Nf6 3. Nc3 Nc6 4. Nb5 e5 5. dxe5 Ng8 6. e3 a6 7. Nd4 Nxd4 8.
exd4 Be6 9. h3 Qd7 10. Nf3 Ne7 11. Bd3 Nf5 12. Qe2 g6 13. O-O Be7 14. a4 1-0

[Event "Chess for Dummies"]
[Site "http://www.queenalice.com/game.php?id=326182"]
[Date "2007.12.26"]
[Round "-"]
[White "SalsaQueen"]
[Black "OranjePion"]
[Result "1/2-1/2"]
[WhiteElo "1607"]
[BlackElo "1500"]

1. d4 Nf6 2. Nc3 d5 3. e3 h6 4. b3 a6 5. Nf3 Bg4 6. Be2 Bxf3 7. Bxf3 c6 8. Qd3
b5 9. e4 dxe4 10. Nxe4 e5 11. Nxf6+ gxf6 12. O-O Qxd4 1/2-1/2

[Event "Challenge"]
[Site "http://www.queenalice.com/game.php?id=326183"]
[Date "2007.12.26"]
[Round "-"]
[White "OranjePion"]
[Black "M_Eugenia18"]
[Result "1-0"]
[WhiteElo "1406"]
[BlackElo "1297"]

1. e4 e5 2. Nf3 d6 3. d4 Nc6 4. Qd2 g6 5. Bb5 Bg7 6. Ng5 Qe7 7. Bxc6+ bxc6 8.
dxe5 dxe5 9. Qc3 Bd7 10. O-O Nf6 11. Re1 O-O 12. Nd2 Rab8 13. Ndf3 h6 14. Be3
hxg5 15. Nxe5 Bg4 16. Nxc6 Qxe4 17. Nxb8 Rxb8 18. Bxg5 Qf5 19. Bxf6 Bxf6 20.
Qxc7 Rc8 21. Qxa7 Qxc2 22. Qb7 Bxb2 23. Rab1 Bd4 24. Rf1 Qxa2 25. Rb4 Rc4 26.
Qb8+ Kg7 27. Rb7 Qd2 28. h3 Bh5 29. Qe8 Bxf2+ 30. Kh2 Rc3 31. Qxf7+ Kh6 32. Rxf2
Qd6+ 33. Rf4 Rd3 34. h4 1-0

[Event "AUTO-INT-731"]
[Site "http://www.queenalice.com/game.php?id=326276"]
[Date "2007.12.26"]
[Round "1"]
[White "yoke"]
[Black "OranjePion"]
[Result "1-0"]
[WhiteElo "1469"]
[BlackElo "1479"]

1. e4 e5 2. Nf3 Nc6 3. Nc3 Nf6 4. Bc4 d6 5. Ng5 Be6 6. Bxe6 fxe6 7. Nxe6 Qe7 8.
Ng5 O-O-O 9. Nd5 Nxd5 10. d3 Nb6 11. Qg4+ Qd7 12. Qf3 Nd4 13. Qd1 Be7 14. Nf7
Rhf8 15. Nxd8 Kxd8 16. Be3 Qb5 17. Rb1 d5 18. Qd2 h6 19. O-O Bg5 20. Bxg5+ hxg5
21. Qxg5+ Kc8 22. Qd2 Rf3 23. Qd1 Qc5 24. gxf3 Qf8 25. Re1 Nxf3+ 26. Kf1 Nxe1
27. Qxe1 Qf4 28. exd5 Nxd5 29. Qe4 Nf6 30. Qe3 Qxe3 31. fxe3 Ng4 32. e4 Nxh2+
33. Ke2 g5 34. Rg1 g4 35. Rg2 1-0

[Event "AUTO-INT-731"]
[Site "http://www.queenalice.com/game.php?id=326277"]
[Date "2007.12.26"]
[Round "1"]
[White "OranjePion"]
[Black "yoke"]
[Result "0-1"]
[WhiteElo "1445"]
[BlackElo "1485"]

1. e4 e5 2. Nf3 d6 3. Nc3 Bg4 4. Be2 Nf6 5. d4 Nc6 6. Bg5 Be7 7. Bxf6 Bxf6 8.
O-O exd4 9. Nd5 Ne5 10. Nxe5 Bxe2 11. Qxe2 Bxe5 12. g3 O-O 13. Qc4 c6 14. Nb4 d5
15. Qd3 dxe4 16. Qxe4 Qd6 17. Nd3 Rae8 18. Rae1 Bf6 19. Qf3 b6 20. Rxe8 Rxe8 21.
Re1 Re7 22. Rxe7 Bxe7 23. a3 c5 24. Qa8+ Bf8 25. Qxa7 c4 26. Nf4 d3 27. cxd3
cxd3 28. Nxd3 Qxd3 29. Qxb6 Qd1+ 30. Kg2 g6 31. b4 Qd5+ 32. Kg1 Qb3 33. Qa7 Qb1+
34. Kg2 Kg7 35. Qd4+ Kh6 0-1

[Event "AUTO-INT-731"]
[Site "http://www.queenalice.com/game.php?id=326292"]
[Date "2007.12.26"]
[Round "1"]
[White "pedroso"]
[Black "OranjePion"]
[Result "1/2-1/2"]
[WhiteElo "1455"]
[BlackElo "1534"]

1. e4 e5 2. Nf3 Nc6 3. Bb5 Qf6 4. Nc3 Bb4 5. O-O Nge7 6. d3 a6 7. Bxc6 Nxc6 8.
Nd5 Qd6 9. Bg5 f6 10. Bd2 Bxd2 11. Qxd2 O-O 12. c4 Nd4 13. Nxd4 exd4 14. b4 Re8
15. c5 Qe5 16. a4 d6 17. Qc2 Be6 18. cxd6 Bxd5 19. exd5 Qxd6 20. Qc4 c6 21. Qxd4
Qxd5 22. Qxd5+ cxd5 23. d4 Rac8 24. h3 Rc4 1/2-1/2

[Event "AUTO-INT-731"]
[Site "http://www.queenalice.com/game.php?id=326293"]
[Date "2007.12.26"]
[Round "1"]
[White "OranjePion"]
[Black "pedroso"]
[Result "1/2-1/2"]
[WhiteElo "1524"]
[BlackElo "1458"]

1. e4 e5 2. Nf3 Nc6 3. d4 d5 4. Bb5 dxe4 5. Nxe5 Bd7 6. f3 exf3 7. Qxf3 Nxe5 8.
Bxd7+ Qxd7 9. dxe5 Bb4+ 10. c3 Bc5 11. b4 Bb6 12. Be3 Bxe3 13. Qxe3 O-O-O 14.
Na3 Qa4 15. Nc4 Re8 16. O-O f6 17. e6 Qc6 18. Qf4 Rxe6 19. Qg4 Nh6 20. Qxg7 Ree8
21. Qxh6 Qxc4 22. Qh3+ Re6 23. Rxf6 Re8 24. Rxe6 Rxe6 25. Re1 Kd7 26. Rxe6 Qxe6
27. Qxe6+ Kxe6 28. Kf2 b5 1/2-1/2

[Event "AUTO-INT-731"]
[Site "http://www.queenalice.com/game.php?id=326304"]
[Date "2007.12.26"]
[Round "1"]
[White "OranjePion"]
[Black "Mayaune"]
[Result "0-1"]
[WhiteElo "1405"]
[BlackElo "1341"]

1. e4 e5 2. Nf3 Nc6 3. d4 d6 4. Bb5 Bd7 5. Bxc6 bxc6 6. O-O Bg4 7. h3 Bh5 8. g4
Bg6 9. Re1 f6 10. c3 Be7 11. d5 cxd5 12. Nbd2 dxe4 13. Nxe4 Bxe4 14. Rxe4 d5 15.
Re1 Bc5 16. Be3 d4 17. cxd4 Bb6 18. d5 Bxe3 19. Rxe3 Ne7 20. Qa4+ Qd7 0-1

[Event "AUTO-INT-731"]
[Site "http://www.queenalice.com/game.php?id=326305"]
[Date "2007.12.26"]
[Round "1"]
[White "Mayaune"]
[Black "OranjePion"]
[Result "1-0"]
[WhiteElo "1360"]
[BlackElo "1374"]

1. e4 e5 2. Nf3 Nc6 3. c3 Nf6 4. Qc2 d5 5. Bb5 Qd6 6. d3 a6 7. Ba4 b5 8. Bb3 Be6
9. Bg5 Be7 10. Bxf6 Bxf6 11. exd5 Bxd5 12. Nbd2 Bxb3 13. Nxb3 O-O 14. O-O-O Qe7
15. h4 h6 16. Rde1 Rad8 17. d4 exd4 18. Rxe7 Bxe7 19. Nbxd4 Nxd4 20. Nxd4 1-0

[Event "Battle of the Runes"]
[Site "http://www.queenalice.com/game.php?id=326873"]
[Date "2007.12.28"]
[Round "-"]
[White "SalsaQueen"]
[Black "OranjePion"]
[Result "1-0"]
[WhiteElo "1641"]
[BlackElo "1554"]

1. d4 d5 2. Nc3 Nf6 3. e3 a6 4. Nf3 Bg4 5. Be2 Nc6 6. a3 h6 7. h3 Bxf3 8. Bxf3
e6 9. Qd3 b5 10. e4 dxe4 11. Bxe4 Qxd4 12. Bxc6+ 1-0

[Event "long way to Tipperary ...."]
[Site "http://www.queenalice.com/game.php?id=331252"]
[Date "2008.1.5"]
[Round "-"]
[White "SalsaQueen"]
[Black "OranjePion"]
[Result "1/2-1/2"]
[WhiteElo "1725"]
[BlackElo "1502"]

1. d4 d5 2. Nc3 Nc6 3. Nf3 h6 4. h3 Nf6 5. Bf4 e6 6. Nb5 Bd6 7. Bxd6 cxd6 8. e3
a6 9. Nc3 O-O 10. Qd3 Nb4 11. Qd2 Qb6 12. a3 Nc6 13. Rb1 Ne4 14. Qd3 Nxc3 15.
Qxc3 Qa5 16. b4 Qc7 17. Bd3 f5 18. Qd2 b5 19. Nh4 Ne7 20. Rb3 Bb7 21. g4 Qd7 22.
gxf5 exf5 23. f4 g6 24. Qg2 Kg7 25. Rg1 Rf6 26. Be2 Qc6 27. Bh5 Qe8 28. e4 dxe4
29. Rg3 Kf7 30. Nxg6 Ke6 31. Be2 Qc6 1/2-1/2

[Event "Some game"]
[Site "http://www.queenalice.com/game.php?id=331265"]
[Date "2008.1.5"]
[Round "-"]
[White "M_Eugenia18"]
[Black "OranjePion"]
[Result "1-0"]
[WhiteElo "1289"]
[BlackElo "1353"]

1. e4 e5 2. Nf3 Nc6 3. Bb5 Nge7 4. O-O d6 5. d3 Bd7 6. b3 a6 7. Bc4 b5 8. Bd5
Nxd5 9. exd5 Nb4 10. Ba3 Nxd5 11. Qd2 h6 12. Nc3 Be6 13. Nd4 exd4 14. Nxd5 Bxd5
15. Rae1+ Be7 16. Qb4 c5 17. Qd2 b4 18. Bb2 1-0

[Event "sauerkraut mit bratwurst"]
[Site "http://www.queenalice.com/game.php?id=331612"]
[Date "2008.1.6"]
[Round "-"]
[White "OranjePion"]
[Black "Meckerkopp"]
[Result "0-1"]
[WhiteElo "1517"]
[BlackElo "2042"]

1. e4 e5 2. Nf3 d6 3. d4 exd4 4. Nxd4 Nf6 5. Bg5 Be7 6. Bxf6 Bxf6 7. Be2 c5 8.
Nf5 Bxf5 9. exf5 Bxb2 10. Nd2 Bxa1 11. Qxa1 O-O 12. O-O Re8 13. Bb5 Re5 14. Bd3
Nc6 15. Re1 Qg5 16. Nf3 Qf4 17. Nxe5 dxe5 18. c3 a6 19. g3 Qg5 20. c4 Nd4 21.
Be4 Rb8 22. Qc3 b6 23. a4 Re8 24. a5 Qd8 25. axb6 Qxb6 26. Rb1 Qxb1+ 27. Bxb1
Ne2+ 0-1

[Event "Dutch wooden shoes"]
[Site "http://www.queenalice.com/game.php?id=331625"]
[Date "2008.1.6"]
[Round "-"]
[White "OranjePion"]
[Black "AuntieRenie"]
[Result "0-1"]
[WhiteElo "1517"]
[BlackElo "1503"]

1. e4 d6 2. d4 Nf6 3. Nc3 Nbd7 4. Nf3 c5 5. d5 g6 6. Bb5 a6 7. Bxd7+ Bxd7 8. O-O
Bg4 9. h3 Bxf3 10. Qxf3 Bg7 11. Re1 Nd7 12. Bd2 Ne5 13. Qg3 O-O 14. b3 c4 15. f4
Qb6+ 16. Be3 Qb4 17. Bd4 Nd7 18. Bxg7 Kxg7 19. Re3 cxb3 20. cxb3 Rac8 21. f5 Ne5
22. fxg6 fxg6 23. Qg5 Rc7 24. h4 Nf7 25. Qxe7 Rxe7 0-1